Normal view
MARC view
- Production control
Entry Topical Term
001 - CONTROL NUMBER
- control field: 86618
003 - CONTROL NUMBER IDENTIFIER
- control field: NUST
005 - DATE AND TIME OF LATEST TRANSACTION
- control field: 20211214154628.0
008 - FIXED-LENGTH DATA ELEMENTS
- fixed length control field: 211214|| aca||aabn | a|a d
040 ## - CATALOGING SOURCE
- Original cataloging agency: NUST
- Transcribing agency: NUST
150 ## - HEADING--TOPICAL TERM
- Topical term or geographic name entry element: Production control
- General subdivision: Data processing
670 ## - SOURCE DATA FOUND
- Source citation: Work cat.: (NUST)31562: Paolucci, Massimo, 1961- 35882, Agent-based manufacturing and control systems :, c2005.
